000 01836nam a2200553 i 4500
001 56523
003 KOSZ 005
005 20240405063210.0
008 081204s2008 pl a |000 0 pol
015 _aUWD 2009/1266
020 _a9788360792117
035 _a991047072649705066
035 _a(PL-WaBN)b22989249-48omnis_nlop
035 _ab22989249
035 _a(OCoLC)297842824
035 _a(PL)b0000002298924
035 _a(EXLNZ-48OMNIS_NETWORK)9910292965005606
040 _aWA N
_cWA N
_dKOSZ 005/HR
046 _k2008
080 _a502.5
080 _a625.77
080 _a711.3(438)
080 _a711.4/.8(438)
080 _a719(438)
245 0 0 _aOd promenady do autostrady :
_bkomunikacja z naturą : praca zbiorowa /
_cpod red. Greinert Andrzej, Drozdek Monika Edyta.
260 _aSulechów ;
_aKalsk :
_bWydawnictwo Państwowej Wyższej Szkoły Zawodowej,
_c2008.
300 _a327 s. :
_bil. ;
_c23 cm.
336 _aTekst
_btxt
_2rdacontent
337 _aBez urządzenia pośredniczącego
_bn
_2rdamedia
338 _aWolumin
_bnc
_2rdacarrier
380 _aKsiążki
388 _a2001-
490 1 _aZieleń Miast i Wsi : współczesna i zabytkowa
504 _aBibliogr. przy rozdz.
648 7 _a1901-2000
648 7 _a1989-2000
648 7 _a2001-
650 7 _aTereny zielone
_2DBN
650 7 _aPlanowanie przestrzenne
651 _aPolska
658 _aArchitektura i budownictwo
658 _aOchrona środowiska
700 1 _aDrozdek, Monika Edyta
_eRedakcja
700 1 _aGreinert, Andrzej
_d(1965- )
_eRedakcja
830 0 _aZieleń Miast i Wsi
856 _uhttp://koha.tu.koszalin.pl/cgi-bin/koha/opac-detail.pl?biblionumber=56523
_yKatalog online BPK
942 _2UKD
_cKS
999 _c56523
_d56523